000 03219cam a22005894i 4500
003 PE-LiUPU
005 20250731180135.0
008 150625s2006 pe a rb 000 0 spa d
035 _a(Sirsi) a38580
040 _aPE-LiUPU
_bspa
_cPE-LiUPU
_erda
082 0 4 _a515.076
_bE8820064
_221
100 1 _aEspinoza Ramos, Eduardo,
_d1946- ,
_eautor.
245 1 0 _aAnálisis matemático IV :
_bpara estudiantes de ciencia de ingeniería /
_cEduardo Espinoza Ramos.
250 _aSegunda edición.
264 1 _aLima :
_bEditorial Servicios Gráficos,
_c2006.
300 _a875 páginas :
_bilustraciones ;
_c22 cm.
336 _atext
_2rdacontent
337 _aunmediated
_2rdamedia
338 _avolume
_2rdacarrier
504 _aBibliografía al final del libro.
505 0 _aConceptos básicos y terminología-- Ecuaciones diferenciales ordinarias de primer orden y primer grado-- Aplicaciones de las ecuaciones diferenciales-- Ecuaciones diferenciales lineales de orden-- Operadores diferenciales-- Ecuaciones diferenciales-- Ecuaciones diferenciales de coeficientes variables-- Sistemas de ecuaciones diferenciales de coeficientes constantes-- Resolución de ecuaciones diferenciales mediante series de potencias-- Funciones especiales-- Transformada inversa de laplace-- Aplicaciones de la transformada de laplace en la solución de ecuaciones diferenciales-- Series de fourier-- Series de fourier de funciones pares, impares, simetría de media onda, cuarto de onda par y cuarto de onda impar-- Espectros de frecuencia discreta.
526 _aSEG44
526 _aSEG26
526 _aP159
526 _aP155
526 _aP154
526 _aP153
526 _aP150
526 _aP100
526 _aP31
526 _aP30
526 _aP26
526 _aP25
526 _aP24
526 _aP22
526 _aP15
526 _aP10
541 _g001-003115;
541 _g001-003115;
650 1 4 _aAnálisis matemático
_vProblemas, ejercicios, etc.
650 2 4 _aVariables (Matemáticas).
650 2 4 _aFunciones analíticas
_vProblemas, ejercicios, etc.
910 _cigq
942 _2ddc
_cBOOK
949 _a515.076 E88 4 2006
_wDEWEY
_c1
_i57898
_lCCODEBUL1
_mBUL
_p12.00
_r0
_sY
_tBOOK
_u2015-06-25
_xINGENIERIA
_zUNKNOWN
_0COMPRA
_o.STAFF. Colección General
949 _a515.076 E88 4 2006
_wDEWEY
_c2
_i57897
_lCCODEBUL1
_mBUL
_p12.00
_r0
_sY
_tBOOK
_u2015-06-25
_xINGENIERIA
_zUNKNOWN
_0COMPRA
_o.STAFF. Colección General
596 _a1 2
999 _a515.076 E88 4 2006
_wDEWEY
_c46879
_i57898
_d46879
_e2019-6-11
_f2021-11-9
_g7
_lCCODEBUL1
_mBUL
_n6
_p12.00
_r0
_sY
_tBOOK
_u2015-6-25
_xINGENIERIA
_zUNKNOWN
_0COMPRA
_o.STAFF. Colección General
999 _a515.076 E88 4 2006
_wDEWEY
_c2
_i57897
_d2019-6-28
_e2019-6-11
_f2021-11-9
_g7
_lCCODEBUL1
_mBUL
_n5
_p12.00
_q3
_r0
_sY
_tBOOK
_u2015-6-25
_xINGENIERIA
_zUNKNOWN
_0COMPRA
_o.STAFF. Colección General
999 _a515.076 E88
_wDEWEY
_c1
_iFT01043
_f2019-2-20
_g1
_lCCODEBUT1
_mBUT
_p10.00
_r0
_sY
_tBOOK
_u2016-2-29
_xBIBLIOTECA
_PP15
_0COMPRA
_o.STAFF. Colección General
980 _81
_gALBERTO SANCHEZ Responsable de Automatización